Visualizzazione normale
Vista MARC
- Scott B.
di Personal Name
Records bibliografici associati: 1
001 - CONTROL NUMBER
- control field: 13724
003 - CONTROL NUMBER IDENTIFIER
- control field: IT-RoPau
005 - DATE AND TIME OF LATEST TRANSACTION
- control field: 20140217122206.0
008 - FIXED-LENGTH DATA ELEMENTS
- fixed length control field: 140217|| aca||aabn | a|a d
040 ## - CATALOGING SOURCE
- Original cataloging agency: IT-RoPau
- Transcribing agency: IT-RoPau
100 ## - HEADING--PERSONAL NAME
- Personal name: Scott B.
- Dates associated with a name: Codice autore musica SPICS: 15525
- Relator term: Autore musica
- Name of part/section of a work: Twilight in Turkey
670 ## - SOURCE DATA FOUND
- Source citation: Work cat.: (IT-RoPau)99680: AA.VV. 794, Maestri della batteria (I)